000 00317 a2200157 4500
001 191403
020 _a85-354-0091-5
040 _cMagnum
100 _aLuft, Lya
240 1 0 _aSecreta mirada
_lpor
245 1 0 _aSecreta mirada
300 _a262
362 0 _a1997
697 _aLITERATURA JUVENIL
942 _cBK
999 _c191403
_d191403